Elements of mechanical engineering / (Record no. 13387)
[ view plain ]
| 000 -LEADER | |
|---|---|
| fixed length control field | 00322cam a2200121ua 4500 |
| 020 ## - INTERNATIONAL STANDARD BOOK NUMBER | |
| ISBN | 9789380578576 |
| 082 ## - DEWEY DECIMAL CLASSIFICATION NUMBER | |
| Classification number | 621.8076 |
| Item number | MUR/EL |
| 100 ## - MAIN ENTRY--AUTHOR NAME | |
| Personal name | Murthy, Trymbaka . |
| 245 ## - TITLE STATEMENT | |
| Title | Elements of mechanical engineering / |
| 260 ## - PUBLICATION, DISTRIBUTION, ETC. (IMPRINT) | |
| Place of publication | New Delhi : |
| Name of publisher | I.K International Publishing House , |
| Year of publication | 2008. |
| 300 ## - PHYSICAL DESCRIPTION | |
| Number of Pages | ; . |
| 942 ## - ADDED ENTRY ELEMENTS (KOHA) | |
| Koha item type | Books |
| Withdrawn status | Lost status | Damaged status | Home library | Current library | Date acquired | Full call number | Accession Number | Koha item type | Collection code | Shelving location | Source of acquisition | Cost, normal purchase price |
|---|---|---|---|---|---|---|---|---|---|---|---|---|
| KAUAET | KAUAET | 07/04/2012 | 621.8076 | 21829 | Books | |||||||
| KAUAET | KAUAET | 31/03/2012 | 621.8076 MUR/EL | 22448 | Books | Non-fiction | General Stacks | Cosmo Books, Calicut | 175.00 |
